Normal view MARC view

Entry Topical Term

Number of records used in: 2

001 - CONTROL NUMBER

  • control field: 51289

003 - CONTROL NUMBER IDENTIFIER

  • control field: dpl

005 - DATE AND TIME OF LATEST TRANSACTION

  • control field: 20120821124405.0

008 - FIXED-LENGTH DATA ELEMENTS

  • fixed length control field: 120821|||a|||||| | ||| d

040 ## - CATALOGING SOURCE

  • Original cataloging agency: dpl
  • Transcribing agency: dpl

150 ## - HEADING--TOPICAL TERM

  • Topical term or geographic name as entry element: Entrepreneurship
  • Geographic subdivision: Canada

670 ## - SOURCE DATA FOUND

  • Source citation: Work cat.: (dpl): Moore,Tim 51233 1944-, You don't need an MBA to make millions :, 2012

670 ## - SOURCE DATA FOUND

  • Source citation: Work cat.: (dpl): Moore,Tim 51233 1944-, You don't need an MBA to make millions :, 2012

© Delhi Public Library
Hit Counter
free hit counter